| 000 | 01658nam0a2200385 4500 | ||
|---|---|---|---|
| 001 | RU\NLR\BIBL_A\011695307 | ||
| 005 | 20190305112801.0 | ||
| 010 | _a978-5-9614-6877-9 | ||
| 010 |
_a978-5-9614-6854-0 _bсерия _95000 |
||
| 021 |
_aRU _bКН-П-18-025592 _9КН-П-18-1872 |
||
| 035 | _a(NLR Aleph) 011695307 | ||
| 035 | _a(RuMoRGB)009597546 | ||
| 090 |
_a11360781 _c11360781 |
||
| 100 | _a20180508d2018 u y0rusy50 ca | ||
| 101 | 0 | _arus | |
| 102 | _aRU | ||
| 105 | _aa|||z|||000zy | ||
| 200 | 1 |
_aБизнес - это психология _eпсихологические координаты жизни современного делового человека _fМарина Мелия |
|
| 210 |
_aМосква _cАльпина Паблишер _d2018 |
||
| 215 |
_a507, [1] с. _cил. _d17 |
||
| 225 | 1 | _aПсихология и философия | |
| 300 | _aНа 4-й с. обл. авт.: М. Мелия - проф. | ||
| 320 | _aДр. кн. авт. на 4-й с. обл. | ||
| 333 | _a12+ | ||
| 606 | 1 |
_aУспех _xСоциально-психологические исследования _92074287 _3RU\NLR\AUTH\661249276 |
|
| 606 | 1 |
_aПредпринимательство _xСоциально-психологические исследования _92110122 _3RU\NLR\AUTH\661275335 |
|
| 686 |
_aЮ959.91.0 _2rubbk |
||
| 686 | 1 | _aС550.354 | |
| 686 | 1 | _aС550.422.1 | |
| 700 | 1 |
_7ca _8rus _aМелия _bМ. И. _f1948- _gМарина Ивановна _9126991 _3RU\NLR\AUTH\770127011 |
|
| 942 | _cBOOK | ||
| 980 | _aNBR | ||
| 980 | _aNB | ||